<?xml version="1.0" encoding="UTF-8"?>
<record
    xmlns:xsi="http://www.w3.org/2001/XMLSchema-instance"
    xsi:schemaLocation="http://www.loc.gov/MARC21/slim http://www.loc.gov/standards/marcxml/schema/MARC21slim.xsd"
    xmlns="http://www.loc.gov/MARC21/slim">

  <leader>00675cam a22002417a 4500</leader>
  <datafield tag="999" ind1=" " ind2=" ">
    <subfield code="c">330627</subfield>
    <subfield code="d">330627</subfield>
  </datafield>
  <controlfield tag="001">14528353</controlfield>
  <controlfield tag="003">NUST</controlfield>
  <controlfield tag="005">20170726125002.0</controlfield>
  <controlfield tag="008">060831s2005    pk            000 p urd  </controlfield>
  <datafield tag="010" ind1=" " ind2=" ">
    <subfield code="a">  2006333203</subfield>
  </datafield>
  <datafield tag="025" ind1=" " ind2=" ">
    <subfield code="a">P-U-2006333203; 10; 11</subfield>
  </datafield>
  <datafield tag="040" ind1=" " ind2=" ">
    <subfield code="a">DLC</subfield>
    <subfield code="c">DLC</subfield>
    <subfield code="d">DLC</subfield>
  </datafield>
  <datafield tag="042" ind1=" " ind2=" ">
    <subfield code="a">lcode</subfield>
  </datafield>
  <datafield tag="050" ind1="0" ind2="0">
    <subfield code="a">MLCMA 2006/00586 (P)</subfield>
  </datafield>
  <datafield tag="082" ind1=" " ind2=" ">
    <subfield code="a">891.4391</subfield>
    <subfield code="b">BEL</subfield>
  </datafield>
  <datafield tag="100" ind1="1" ind2=" ">
    <subfield code="a">Bel&#x101;, Abd&#x101;l.</subfield>
    <subfield code="9">2049</subfield>
  </datafield>
  <datafield tag="245" ind1="1" ind2="0">
    <subfield code="a">Lab bastah /</subfield>
    <subfield code="c">Abd&#x101;l Bel&#x101;.</subfield>
  </datafield>
  <datafield tag="260" ind1=" " ind2=" ">
    <subfield code="a">L&#x101;hore :</subfield>
    <subfield code="b">Feroz Sanz Lim&#x12B;&#x1E6D;i&#x1E0D;,</subfield>
    <subfield code="c">2005.</subfield>
  </datafield>
  <datafield tag="300" ind1=" " ind2=" ">
    <subfield code="a">248 p. ;</subfield>
    <subfield code="c">23 cm.</subfield>
  </datafield>
  <datafield tag="500" ind1=" " ind2=" ">
    <subfield code="a">Poems.</subfield>
  </datafield>
  <datafield tag="546" ind1=" " ind2=" ">
    <subfield code="a">In Urdu.</subfield>
  </datafield>
  <datafield tag="650" ind1=" " ind2=" ">
    <subfield code="a">Urdu Literature</subfield>
    <subfield code="v">Poetry</subfield>
    <subfield code="9">3519</subfield>
  </datafield>
  <datafield tag="880" ind1=" " ind2=" ">
    <subfield code="6">100-01\(3\r</subfield>
    <subfield code="a">&#x627;&#x628;&#x62F;&#x627;&#x644; &#x628;&#x6CC;&#x644;&#x627;</subfield>
  </datafield>
  <datafield tag="880" ind1=" " ind2=" ">
    <subfield code="6">245-02\(3\r</subfield>
    <subfield code="a">&#x644;&#x628; &#x628;&#x633;&#x62A;&#x6C1;</subfield>
    <subfield code="c">&#x627;&#x628;&#x62F;&#x627;&#x644; &#x628;&#x6CC;&#x644;&#x627;</subfield>
  </datafield>
  <datafield tag="880" ind1=" " ind2=" ">
    <subfield code="6">260-03\(3\r</subfield>
    <subfield code="a">&#x644;&#x627;&#x6C1;&#x648;&#x631;:</subfield>
    <subfield code="b">&#x641;&#x6CC;&#x631;&#x648;&#x632; &#x633;&#x646;&#x632;&#x60C;</subfield>
    <subfield code="c">2005</subfield>
  </datafield>
  <datafield tag="906" ind1=" " ind2=" ">
    <subfield code="a">7</subfield>
    <subfield code="b">ibc</subfield>
    <subfield code="c">origode</subfield>
    <subfield code="d">4</subfield>
    <subfield code="e">ncip</subfield>
    <subfield code="f">20</subfield>
    <subfield code="g">y-gencatlg</subfield>
  </datafield>
  <datafield tag="942" ind1=" " ind2=" ">
    <subfield code="2">ddc</subfield>
    <subfield code="c">BK</subfield>
  </datafield>
  <datafield tag="952" ind1=" " ind2=" ">
    <subfield code="0">0</subfield>
    <subfield code="1">0</subfield>
    <subfield code="2">ddc</subfield>
    <subfield code="4">0</subfield>
    <subfield code="7">0</subfield>
    <subfield code="8">FIC</subfield>
    <subfield code="a">CL</subfield>
    <subfield code="b">CL</subfield>
    <subfield code="c">FIC</subfield>
    <subfield code="d">2017-07-26</subfield>
    <subfield code="l">1</subfield>
    <subfield code="o">891.4391 BEL</subfield>
    <subfield code="p">CL2891</subfield>
    <subfield code="r">2020-12-30</subfield>
    <subfield code="s">2019-01-25</subfield>
    <subfield code="t">1</subfield>
    <subfield code="w">2017-07-26</subfield>
    <subfield code="y">BK</subfield>
  </datafield>
</record>
